[Event "SRB-chW Semifinal 2021"]
[Site "Paracin"]
[Date "2021.03.16"]
[Round "1.11"]
[White "Manakova, Maria"]
[Black "Vujcic, Milena"]
[Result "1/2-1/2"]
[WhiteElo "2271"]
[BlackElo "2069"]
[Annotator "TA"]
[PlyCount "85"]
[EventDate "2021.03.16"]
[EventType "swiss"]
[EventCountry "SRB"]
[SourceTitle "playchess.com"]
[Source "ChessBase"]
[SourceQuality "1"]

{[%evp 17,85,0,20,0,13,-7,0,0,0,0,50,45,54,-15,-8,-11,-2,-13,0,-38,-40,-126,-30,-41,-41,-22,-43,-82,-39,-103,-105,-106,-90,-196,-82,-86,-80,-108,-117,-106,0,0,0,0,0,0,0,0,0,0,0,0,0,0,0,0,0,0,0,0,0,-9,-9,-9,-9,-7,0,0,0,0]} 1. d4 Nf6 2. c4 g6 3. Nc3 Bg7 4. e4 d6 5. f3 O-O 6. Be3 c5 7. Nge2 Nc6 8. Qd2 Qa5 9. d5 Ne5 10. Nc1 {E81: King's Indian: Sämisch: 6th move deviations (including 6 Be3 c6).} a6 11. a3 {[%cal Ba2a3,Ba3a4][%mdl 32]} Bd7 12. Nb3 Qc7 {[#]} 13. a4 $146 ({Predecessor:} 13. Be2 e6 14. O-O Rab8 15. a4 exd5 16. cxd5 b5 17. axb5 axb5 18. f4 Neg4 19. e5 Nxe3 20. Qxe3 dxe5 21. fxe5 {1-0 (34) Blackburn,J (2220)-Parmar,A (1995) Blackpool 2008}) 13... b5 14. cxb5 axb5 15. Nxb5 (15. axb5 $14 e6 16. Be2) 15... Qb8 $1 $11 16. Nc1 c4 17. Nc3 Qb4 18. Bd4 Rfb8 $36 {[%mdl 2048] Black has good play.} 19. Ra2 {[#]} ({Better is} 19. Rb1 $15) 19... Bxa4 (19... e6 $1 $17 20. dxe6 Bxe6) 20. Nxa4 Rxa4 21. Qxb4 Rbxb4 22. Be2 Nfd7 23. Bc3 ({White should try} 23. Kd1 $15) 23... Rxa2 $17 24. Nxa2 Ra4 25. Nb4 {[#]} (25. Nc1 $17) 25... Ra1+ (25... Nd3+ $1 $19 {is more deadly.} 26. Nxd3 cxd3) 26. Bd1 Nc5 27. O-O Ned3 {And now ...Nxb4 would win.} 28. Be2 Rxf1+ (28... Bxc3 $17 29. bxc3 Ra3 30. Bxd3 cxd3) 29. Kxf1 $11 {The position is equal.} Nxb2 30. Bxb2 Bxb2 31. Bxc4 $17 {[%mdl 4096] Endgame KBN-KBN} Nd7 32. Bb5 Nc5 33. Ke2 Kg7 34. g3 h5 35. Nc6 Kf8 36. Ke3 Bc1+ 37. Kd4 Nb3+ 38. Kc3 Nc5 39. Be2 Be3 40. h3 Bf2 41. g4 hxg4 42. hxg4 Be3 43. Bd1 {Weighted Error Value: White=0.19/Black=0.18} 1/2-1/2

[Event "SRB-chW Semifinal 2021"]
[Site "Paracin"]
[Date "2021.03.16"]
[Round "1.12"]
[White "Ostojic, Katarina"]
[Black "Gajcin, Marina"]
[Result "1/2-1/2"]
[WhiteElo "2013"]
[BlackElo "2227"]
[Annotator "TA"]
[PlyCount "114"]
[EventDate "2021.03.16"]
[EventType "swiss"]
[EventCountry "SRB"]
[SourceTitle "playchess.com"]
[Source "ChessBase"]
[SourceQuality "1"]

{[%evp 11,114,0,16,0,0,6,13,-4,0,-8,29,0,14,12,17,-9,0,-21,16,-28,-27,-28,-21,-27,-19,-20,-28,-28,-28,-28,-22,-28,-28,-37,-28,-28,-28,-33,0,0,0,-10,-10,-12,-8,-35,-2,-8,0,0,0,0,0,0,0,0,5,5,29,0,0,0,0,0,0,0,0,-7,0,-4,0,0,0,0,0,0,0,0,0,0,0,0,0,0,0,0,0,0,0,0,0,0,0,0,0,0,0,0,0,0,0,0,0,0,0]} 1. d4 Nf6 2. Nf3 g6 3. Bg5 Bg7 4. Nbd2 O-O 5. c3 c5 6. e3 d6 7. dxc5 {A48: 1 d4 Nf6 2 Nf3 g6: Torre, London and Colle Systems.} dxc5 8. Qc2 Nc6 9. Be2 Qc7 10. O-O {[#]} Bd7 $146 ({Predecessor:} 10... b6 11. Rad1 Bb7 12. h3 Rad8 13. Rfe1 Rd7 14. Bf4 e5 15. Bh2 Rfd8 16. Nc4 Nd5 {½-½ (44) Lembak,J (2219)-Demeter,P (2282) Slovakia 2006}) 11. e4 Rad8 12. Nc4 h6 13. Bh4 Nh5 14. Ne3 Be6 15. Bc4 Bxc4 16. Nxc4 g5 {[#] Hoping for ...b5.} 17. Bg3 Nxg3 18. hxg3 b5 19. Ne3 e6 20. a4 a6 21. axb5 axb5 22. Rad1 c4 23. Rxd8 Rxd8 24. Rd1 Na5 (24... Ra8 {feels hotter.} 25. Nd4 Qb7 26. Nf3 Ra2 27. Qc1 Qe7) 25. Rxd8+ Qxd8 26. Qd2 Qxd2 (26... Qc7 {is more complex.} 27. Nd4 Qd6 28. Nf3 Qxd2 29. Nxd2 h5) 27. Nxd2 $11 {[%mdl 4096] Endgame KBN-KNN} Nb7 28. Nb1 Bf8 29. Kf1 Bc5 30. Ke2 Na5 31. Nd2 f6 32. Nc2 Nc6 33. b3 cxb3 34. Nxb3 Bb6 35. Na3 b4 {The position is equal.} 36. cxb4 Nxb4 37. Nc4 Bc7 38. Nd4 Kf7 39. Ke3 Bb8 40. Nb5 Ke7 41. g4 Kd7 42. g3 Kc6 43. Nd4+ Kd7 {[#] White must now prevent ...Ba7.} 44. Nf3 Ba7+ 45. Ke2 Nc6 46. Nfd2 Nd4+ 47. Kd3 Nc6 48. Ke2 Nd4+ 49. Kd3 Nc6 50. Ke2 f5 51. gxf5 exf5 52. exf5 Nd4+ 53. Ke3 Nxf5+ 54. Kf3 Ke6 55. Ne3 h5 56. Nxf5 Kxf5 57. Kg2 h4 {Weighted Error Value: White=0.05/Black=0.05} 1/2-1/2

[Event "SRB-chW Semifinal 2021"]
[Site "Paracin"]
[Date "2021.03.16"]
[Round "1.13"]
[White "Chelushkina, Irina"]
[Black "Djordjevic, Nevena"]
[Result "1-0"]
[WhiteElo "2203"]
[BlackElo "1999"]
[Annotator "NA"]
[PlyCount "67"]
[EventDate "2021.03.16"]
[EventType "swiss"]
[EventCountry "SRB"]
[SourceTitle "playchess.com"]
[Source "ChessBase"]
[SourceQuality "1"]
[TimeControl "40/5400+30:1800+30"]

1. e4 c5 2. Nf3 e6 3. d3 Nc6 4. c3 d5 5. Nbd2 Nf6 6. Be2 Be7 7. O-O O-O 8. Re1 d4 9. Nf1 h6 10. Ng3 b5 11. a4 Qb6 12. axb5 Qxb5 13. e5 Nd7 14. Bf1 Rb8 $14 (14... Rd8 $11) 15. Nh5 Rd8 16. Qd2 Bf8 17. Qf4 g6 18. Qg3 Ne7 19. Rxa7 Nf5 20. Qg4 Bb7 21. Nd2 Kh8 22. Ng3 Bg7 23. Nc4 Bd5 24. Nxf5 exf5 25. Qh4 Kh7 26. Bg5 Rh8 27. Bf4 Be6 28. Nd6 Qc6 29. cxd4 cxd4 30. Rc1 Qd5 31. Rcc7 Rxb2 32. Nxf7 Bxf7 33. Rxd7 Qe6 34. Rxf7 1-0

[Event "SRB-chW Semifinal 2021"]
[Site "Paracin"]
[Date "2021.03.16"]
[Round "1.14"]
[White "Gogic, Anastasija"]
[Black "Drljevic, Ljilja"]
[Result "0-1"]
[WhiteElo "1868"]
[BlackElo "2200"]
[Annotator "NA"]
[PlyCount "69"]
[EventDate "2021.03.16"]
[EventType "swiss"]
[EventCountry "SRB"]
[SourceTitle "playchess.com"]
[Source "ChessBase"]
[SourceQuality "1"]
[TimeControl "40/5400+30:1800+30"]

1. e4 {[%emt 0:00:00]} g6 {[%emt 0:00:00]} 2. d4 {[%emt 0:00:00]} Bg7 {[%emt 0:00:00]} 3. Nc3 {[%emt 0:00:24]} d6 {[%emt 0:00:00]} 4. Be3 {[%emt 0:00:37]} a6 {[%emt 0:00:01]} 5. h4 {[%emt 0:01:15]} h6 {[%emt 0:00:10]} 6. Qd2 {[%emt 0:00:33]} Nd7 {[%emt 0:02:03]} 7. O-O-O {[%emt 0:11:46]} b5 {[%emt 0:03:14]} 8. Nge2 {[%emt 0:08:31]} Bb7 {[%emt 0:05:05]} 9. f3 {[%emt 0:03:31]} Rc8 {[%emt 0:03:35]} 10. Kb1 {[%emt 0:11:24]} c5 $16 {[%emt 0:01:56]} 11. dxc5 {[%emt 0:09:30]} Nxc5 {[%emt 0:03:53]} 12. Bd4 {[%emt 0:07:22]} Nf6 {[%emt 0:00:25]} 13. Nd5 {[%emt 0:01:00]} Bxd5 {[%emt 0:14:17]} 14. exd5 {[%emt 0:01:30]} Ncd7 {[%emt 0:07:13]} 15. h5 {[%emt 0:08:27]} g5 {[%emt 0:01:53]} 16. Ng3 {[%emt 0:00:24]} Qc7 {[%emt 0:01:24]} 17. Nf5 {[%emt 0:05:58]} Bf8 {[%emt 0:00:03]} 18. Re1 {[%emt 0:01:54]} Ne5 {[%emt 0:02:22]} 19. Bxe5 {[%emt 0:09:26]} dxe5 {[%emt 0:00:03]} 20. a4 {[%emt 0:03:01]} bxa4 {[%emt 0:09:32]} 21. Bxa6 {[%emt 0:00:14]} Rb8 {[%emt 0:00:23]} 22. Re3 {[%emt 0:02:49]} Qb6 {[%emt 0:00:59]} 23. Bb5+ {[%emt 0:05:01]} Qxb5 {[%emt 0:00:23]} 24. c4 {[%emt 0:00:08]} Qc5 {[%emt 0:07:16]} 25. Rxe5 {[%emt 0:02:13]} a3 {[%emt 0:05:37]} 26. Qe3 {[%emt 0:00:55]} Rxb2+ {[%emt 0:02:32]} 27. Ka1 {[%emt 0:00:04]} Qb4 {[%emt 0:01:30]} 28. Qd4 {[%emt 0:02:17]} Qb3 {[%emt 0:05:35]} 29. Nd6+ {[%emt 0:00:34]} Kd7 {[%emt 0:02:42]} 30. Qa7+ {[%emt 0:01:06]} Kxd6 {[%emt 0:00:33]} 31. c5+ {[%emt 0:00:49]} Kxe5 {[%emt 0:00:03]} 32. Re1+ {[%emt 0:00:10]} Kxd5 {[%emt 0:04:28]} 33. Qa8+ {[%emt 0:00:56]} Kd4 {[%emt 0:00:41]} 34. Qd8+ {[%emt 0:00:35]} Nd5 {[%emt 0:00:17]} 35. Re4+ {[%emt 0:00:32]} 0-1

[Event "SRB-chW Semifinal 2021"]
[Site "Paracin"]
[Date "2021.03.16"]
[Round "1.15"]
[White "Djukic, Sandra"]
[Black "Dimitrijevic, Andjela"]
[Result "1-0"]
[WhiteElo "2137"]
[BlackElo "1830"]
[Annotator "TA"]
[PlyCount "105"]
[EventDate "2021.03.16"]
[EventType "swiss"]
[EventCountry "SRB"]
[SourceTitle "playchess.com"]
[Source "ChessBase"]
[SourceQuality "1"]

{[%evp 12,104,56,14,67,32,45,42,45,31,31,30,35,24,53,52,52,42,34,31,45,18,15,5,83,89,109,104,121,110,129,137,135,110,127,126,129,114,126,87,92,74,78,85,80,83,104,68,77,58,67,70,68,-16,-20,-101,-103,-105,-105,-104,-73,-74,-75,-75,-14,-79,-57,-56,95,-70,-47,-65,-65,-64,0,-58,0,-65,-65,-74,-56,-62,-55,-60,2458,2232,29991,29992,29992,29993,29997,29993,29994,29995,29999]} 1. d4 d5 2. c4 dxc4 3. Nf3 Nf6 4. e3 Bg4 5. Nbd2 e6 6. Bxc4 a6 7. O-O Nc6 {D22: Queen's Gambit Accepted: 3 Nf3 a6 4 e3.} (7... c5 $11) 8. b3 Bd6 9. Bb2 O-O {White is slightly better.} 10. Be2 Qe7 11. Nc4 Rad8 12. Nxd6 {[#]} Qxd6 $146 ({Predecessor:} 12... cxd6 13. Rc1 h6 14. Ba3 Qc7 15. Nd2 Bxe2 16. Qxe2 Rfe8 17. Nc4 b5 18. Nb2 Qd7 {0-1 (46) Bogner,S (2467)-Stocek,J (2559) Pardubice 2008}) 13. Rc1 Nd5 14. Nd2 Bxe2 15. Qxe2 f5 16. Nc4 Qd7 17. g3 b5 (17... Qf7 $11) 18. Nd2 $16 Nce7 19. Nf3 $36 {[%mdl 2048] White is really pushing.} Ng6 20. Rc5 c6 21. Rfc1 Rc8 22. h4 Nge7 23. Ne5 Qb7 24. a3 Nf6 25. Kh2 Nd7 26. R5c2 Nxe5 27. dxe5 Rfd8 28. Bd4 Nd5 29. Rc5 Rd7 30. Qc2 Rdc7 31. Qd2 Nb6 32. Qe2 (32. R5c2 $14) 32... Nd7 $1 $11 33. b4 (33. R5c2 $11 {keeps the balance.}) 33... Nxc5 $17 34. Bxc5 Rd7 35. Bd6 Qb6 36. Qa2 Kf7 37. Qd2 Rcd8 (37... Rdd8 $17) 38. Rd1 (38. Qc2 $11) 38... Qa7 39. Qc2 Qb6 $2 {[#]} (39... Qa8 $15 {keeps the upper hand.}) 40. Rd4 $2 (40. g4 $1 $16 {[%cal Rg4f5]} g6 41. gxf5 exf5 42. Qb3+ Kg7 43. Qe6) 40... g6 41. Qc3 Kg8 42. Qb3 Kf7 ({Black should try} 42... Re8 $15) 43. Qd1 (43. Qc3 $11) 43... Kg8 (43... Qa7 $15) 44. Qf3 ({Better is} 44. Qb3 $1 $11 Kf7 45. Qc3) 44... Qb7 45. Qf4 Rf7 46. Qg5 Rdd7 47. h5 Kg7 {[%mdl 8192] A mistake that costs the game.} (47... Qc8 $15) 48. hxg6 $18 Rf8 49. Bxf8+ {White mates.} Kxf8 50. Qf6+ {[%mdl 64] [#] Double Attack} Ke8 51. Qxe6+ Kf8 52. Rxd7 {[%csl Gd7][%cal Rg6g7]} Qc8 53. Qf7# {Weighted Error Value: White=0.28/Black=0.30} 1-0

[Event "SRB-chW Semifinal 2021"]
[Site "Paracin"]
[Date "2021.03.17"]
[Round "2.11"]
[White "Srdanovic, Jovana"]
[Black "Chelushkina, Irina"]
[Result "1/2-1/2"]
[WhiteElo "2109"]
[BlackElo "2203"]
[Annotator "TA"]
[PlyCount "152"]
[EventDate "2021.03.16"]
[EventType "swiss"]
[EventCountry "SRB"]
[SourceTitle "playchess.com"]
[Source "ChessBase"]
[SourceQuality "1"]

{[%evp 11,152,16,52,52,89,80,106,101,111,77,77,79,79,70,59,49,58,50,70,41,60,24,56,37,61,48,48,44,62,-29,-45,-68,-59,-49,-59,-59,0,0,0,-47,-48,-54,-62,-53,0,0,0,-21,18,-20,-20,-22,-22,-35,0,-25,-28,-34,-12,-12,-12,-12,-12,-64,-22,-46,-12,-22,-12,-12,-12,-12,-12,-12,-12,-12,-12,-12,-12,-12,-12,-12,-12,-12,0,-12,0,0,0,-12,0,-16,0,-16,0,0,0,0,0,0,0,-16,0,0,0,-12,0,0,0,-12,-12,-16,-16,-16,-16,-16,-16,-16,-16,-16,-16,-16,-16,-16,-16,-16,0,-16,0,-16,0,0,0,-16,0,-16,-16,-16,-16,-16,-16,-16,-16]} 1. d4 d6 2. c4 g6 3. Nc3 Bg7 4. Nf3 Nc6 5. e4 e5 6. d5 Nce7 7. Bd3 {A42: Modern Defence: Averbakh Variation.} Nh6 {[#]} 8. h4 $146 ({Predecessor:} 8. b4 f6 9. Ba3 O-O 10. c5 Nf7 11. Qb3 Kh8 12. O-O f5 13. Rac1 a6 14. b5 dxc5 15. Bxc5 fxe4 16. Nxe4 {1-0 (28) Tonkoshkur,D (1721)-Gorin,A (2000) St Petersburg 2014}) 8... f6 9. h5 {White is better.} Nf7 10. hxg6 hxg6 11. Rxh8+ Bxh8 12. Nh4 Bg7 13. Be3 c5 14. g3 a6 15. Be2 Bd7 16. a4 Kf8 17. a5 b6 18. axb6 Qxb6 19. Qd2 f5 20. f3 (20. Na4 $14 Qb7 21. Nxc5 dxc5 22. Bxc5) 20... f4 $11 21. Bf2 fxg3 22. Bxg3 Bh6 23. Qc2 Be3 (23... Kg7 $15) 24. Ng2 Bd4 25. Kd2 Kg7 26. Ne1 Rh8 {[#] White must now prevent ...Rh3.} 27. Bf1 Bc8 (27... Ng8 $15) 28. Nd3 Rh1 29. Re1 g5 30. Bg2 Rxe1 31. Bxe1 Ng6 32. Ne2 Bd7 33. Nxd4 (33. Kc1 {seems wilder.} a5 34. Kb1 a4 35. Bf1 Nh4 36. Nxd4 exd4 37. Be2) 33... exd4 34. Bg3 Nfe5 35. Bxe5+ Nxe5 36. Nxe5 dxe5 37. Ke2 ({White should try} 37. Ke1 $11) 37... a5 38. Qd2 Kf6 39. Kf2 {The position is equal.} Qb4 40. Qxb4 axb4 {[%mdl 4096] Endgame KB-KB} 41. b3 g4 42. fxg4 Bxg4 43. Bf3 Bh3 44. Be2 Kg5 45. Kg3 Bd7 46. Bf3 Be8 47. Bg4 Bg6 48. Bf3 Bh7 49. Bg2 ({Not} 49. d6 $2 Kf6 $19) 49... Bg8 50. Bf3 Bf7 51. Bg4 Kf6 52. Bf3 Bg6 53. Kf2 Bh7 54. Kg3 Bg6 55. Kf2 Bf7 56. Kg3 Kg5 57. Be2 Be8 58. Bg4 Kf6 (58... d3 {is more complex.} 59. d6 d2 60. Bd1 Kf6 61. Kf2 Ke6) 59. Kf2 ({Wrong is} 59. d6 $2 Bc6 $19) 59... Kg5 60. Kg3 d3 61. Bd1 Bg6 62. Bf3 d2 {( -> ...Bh5)} 63. Kf2 {[#]} Bxe4 $1 64. Bd1 $1 Kf4 {aiming for ...Bd3.} 65. Ke2 Bf5 66. Kxd2 e4 67. Bh5 e3+ 68. Ke2 Bd7 69. Kd3 Bf5+ 70. Ke2 Bh3 71. d6 {And now Be8 would win.} Bd7 72. Kd3 Bf5+ 73. Ke2 {Be8 is the strong threat.} Ke5 74. d7 Bxd7 75. Kxe3 Bf5 {Threatens to win with ...Bc2.} 76. Be8 Bc2 {Weighted Error Value: White=0.12/Black=0.12} 1/2-1/2

[Event "SRB-chW Semifinal 2021"]
[Site "Paracin"]
[Date "2021.03.17"]
[Round "2.12"]
[White "Drljevic, Ljilja"]
[Black "Juric, Iskra"]
[Result "1-0"]
[WhiteElo "2200"]
[BlackElo "1713"]
[Annotator "NA"]
[PlyCount "55"]
[EventDate "2021.03.16"]
[EventType "swiss"]
[EventCountry "SRB"]
[SourceTitle "playchess.com"]
[Source "ChessBase"]
[SourceQuality "1"]
[TimeControl "40/5400+30:1800+30"]

1. b4 {[%emt 0:03:59]} Nf6 {[%emt 0:00:25]} 2. Bb2 {[%emt 0:00:03]} g6 {[%emt 0:02:35]} 3. Nf3 {[%emt 0:05:48]} Bg7 {[%emt 0:02:53]} 4. e3 {[%emt 0:00:43]} O-O {[%emt 0:01:53]} 5. Be2 {[%emt 0:00:37]} d5 {[%emt 0:03:40]} 6. O-O {[%emt 0:00:39]} c6 {[%emt 0:01:57]} 7. c4 {[%emt 0:02:23]} Bg4 {[%emt 0:04:54]} 8. h3 {[%emt 0:01:59]} Bxf3 {[%emt 0:02:48]} 9. Bxf3 {[%emt 0:00:02]} dxc4 {[%emt 0:02:41]} 10. Na3 {[%emt 0:01:09]} Nd5 {[%emt 0:14:30]} 11. Bxg7 {[%emt 0:04:04]} Kxg7 {[%emt 0:00:12]} 12. Nxc4 {[%emt 0:01:41]} b5 {[%emt 0:02:26]} 13. Bxd5 {[%emt 0:12:12]} Qxd5 {[%emt 0:07:30]} 14. Na5 {[%emt 0:01:06]} Na6 {[%emt 0:02:59]} 15. Qc2 {[%emt 0:01:37]} Rac8 {[%emt 0:03:07]} 16. Qb2+ {[%emt 0:04:24]} Kg8 {[%emt 0:01:07]} 17. d4 {[%emt 0:00:47]} f5 {[%emt 0:07:57]} 18. Rfe1 {[%emt 0:08:32]} Rc7 {[%emt 0:09:22]} 19. Rac1 {[%emt 0:01:39]} Qd6 {[%emt 0:02:50]} 20. a3 {[%emt 0:02:41]} Nb8 {[%emt 0:01:20]} 21. Rc2 {[%emt 0:01:10]} g5 {[%emt 0:03:39]} 22. Rec1 {[%emt 0:01:22]} Qg6 {[%emt 0:00:36]} 23. d5 {[%emt 0:03:27]} Rf6 {[%emt 0:00:53]} 24. Qe5 {[%emt 0:01:28]} Rd6 {[%emt 0:03:43]} 25. dxc6 {[%emt 0:02:57]} a6 {[%emt 0:02:56]} 26. Rc5 {[%emt 0:00:34]} Nxc6 {[%emt 0:03:10]} 27. Nxc6 {[%emt 0:06:33]} Rdxc6 {[%emt 0:01:11]} 28. Qd5+ {[%emt 0:00:17]} 1-0

[Event "SRB-chW Semifinal 2021"]
[Site "Paracin"]
[Date "2021.03.17"]
[Round "2.13"]
[White "Gajcin, Marina"]
[Black "Djukic, Sandra"]
[Result "1/2-1/2"]
[WhiteElo "2227"]
[BlackElo "2137"]
[Annotator "TA"]
[PlyCount "171"]
[EventDate "2021.03.16"]
[EventType "swiss"]
[EventCountry "SRB"]
[SourceTitle "playchess.com"]
[Source "ChessBase"]
[SourceQuality "1"]

{[%evp 13,170,5,6,3,8,7,14,19,25,14,14,13,10,8,18,2,34,37,34,34,29,0,0,0,0,0,0,0,26,15,23,25,33,23,27,20,20,16,20,0,0,0,0,-11,15,12,22,0,0,0,14,9,9,10,0,-8,16,15,14,12,12,0,0,0,14,0,0,0,14,15,41,31,50,50,52,50,381,363,362,278,363,0,233,9,239,350,281,280,425,425,425,425,415,411,367,8,8,0,333,0,225,239,220,222,220,205,205,0,0,0,0,0,0,0,0,0,0,0,0,0,0,0,0,0,0,0,0,0,0,0,0,0,0,0,0,0,0,0,0,0,0,0,0,0,0,0,0,0,0,0,0,0,0,0,0,0,0,0,0]} 1. e4 c6 2. Nf3 d5 3. Nc3 dxe4 4. Nxe4 Nf6 5. Nxf6+ exf6 6. Bc4 Bd6 7. Qe2+ Qe7 8. Qxe7+ {B11: Caro-Kann: Two Knights Variation.} Kxe7 9. O-O Re8 {was the old line (9...Rd8).} 10. Re1+ Kf8 11. Rxe8+ Kxe8 12. d4 Bf5 13. c3 Nd7 {[#]} 14. Nh4 $146 ({Predecessor:} 14. Bd2 Kf8 15. a4 Nb6 16. Bb3 Be6 17. Bxe6 fxe6 18. b3 Nd7 19. Kf1 a6 20. Ke2 {½-½ (28) Jovanovic,Z (2508)-Berkes,F (2659) Schwarzach 2015}) 14... Bc2 (14... Be6 {looks sharper.} 15. Bd3 g6 16. Nf3 Nb6 17. a4 a5) 15. g3 Kf8 16. Ng2 Re8 17. Bf4 (17. Bd2 {looks sharper.} c5 18. Ne3 Be4 19. Re1 Nb6 20. Bf1) 17... Bxf4 18. Nxf4 Nb6 19. Bf1 Bf5 20. Rc1 Re7 21. Ng2 (21. f3 {looks sharper.} g5 22. Ng2 Be6 23. b3 Bh3 24. Kf2) 21... Be6 22. Ne3 Rd7 23. b3 g6 24. Rd1 Nd5 25. Nxd5 Bxd5 $11 {[%mdl 4096] Endgame KRB-KRB} 26. b4 Ke7 27. c4 Be6 28. f3 h5 29. Kf2 Kd6 30. Ke3 Re7 31. Kd2 b5 32. d5 cxd5 33. cxb5 d4 $1 34. Rc1 Bxa2 35. Rc6+ Kd5 36. f4 Bb1 37. Bg2+ Be4 38. Bf1 {[%csl Gc6][%cal Rf1c4] [#]} Bb1 (38... d3 {keeps more tension.} 39. Bxd3 Bxd3 40. Kxd3 f5 41. Rc5+ Kd6) 39. Rc5+ (39. Rxf6 {is more complex.} Bf5 40. Rc6 Re3 41. Bg2+ Be4 42. Rc5+) 39... Kd6 40. Rc6+ Kd5 41. Rxf6 Rc7 {...Rc2+ is the strong threat.} 42. Rc6 Rxc6 43. Bg2+ Kd6 44. bxc6 $14 {KB-KB} a6 $2 {[%mdl 8192] [#]} (44... f6 $14) 45. Bf1 $1 $18 {[%cal Rf1a6]} Kxc6 46. Bxa6 Kd5 47. Bb5 $2 (47. Bd3 $18 Ba2 48. h4) 47... h4 $2 (47... Bf5 $11 {and Black is okay.}) 48. Be8 $2 ({Only move:} 48. gxh4 $18 {aiming for Bd3.} Bf5 49. Bd3) 48... hxg3 $2 (48... Kc4 $1 $11) 49. Bxf7+ Kc6 50. Be8+ ({Inferior is} 50. hxg3 Kb5 $11) 50... Kd5 51. hxg3 Kc4 52. b5 Kc5 53. g4 Be4 54. Bd7 $2 (54. Ke2 $18 Bb1 55. Bd7) 54... Kd6 $1 $11 {[%cal Rd6d7]} 55. Be8 {[%mdl 8192]} (55. Bc8 $11 Kc5 56. Bd7) 55... Kc5 $18 56. Bc6 $2 ({Better is} 56. Ke2 $18 Bb1 57. Bc6) 56... Bb1 $2 (56... Bxc6 $11 57. bxc6 Kxc6) 57. Bd7 Be4 58. Be8 Bb1 59. Bc6 Kb6 60. Bf3 $2 ({White should play} 60. Bd7 $18) 60... Kxb5 $11 {The position is equal.} 61. Be2+ (61. Kc1 {with more complications.} Bd3 62. Kd1 Kc5 63. Kd2 Bb1 64. Bg2) 61... Kc5 62. Bd3 (62. Bf1 {feels hotter.} Be4 63. Ba6 Kd6 64. Bb5 Ke6 65. Bd3) 62... Bxd3 63. Kxd3 {KPP-KPP} Kd5 64. g5 Ke6 $1 {[%cal Re6f5]} 65. Kxd4 {KPP-KP} Kd6 $1 66. Ke3 (66. f5 {seems wilder.} gxf5 67. Ke3 Ke7 68. Kf4 Kf7 69. Ke5) 66... Ke7 67. Kd3 $1 {[%cal Rd3d4]} Kd7 $1 68. Kd2 {Strongly threatening Ke3.} Ke7 69. Ke3 {Hoping for Kd3.} Kd7 $1 70. Kd4 (70. f5 {feels hotter.} gxf5 71. g6 Ke6 72. Kf4 Kf6 73. g7) 70... Kd6 71. Kc4 (71. f5 {looks sharper.} gxf5 72. Ke3 Ke7 73. Kf4 Kf7 74. Ke5) 71... Ke6 72. Kd3 (72. Kd4 {keeps more tension.}) 72... Ke7 (72... Kd7 {is more complex.}) 73. Ke4 {White wants to mate with Ke5.} Ke6 74. Kf3 {White threatens Ke4 and mate.} (74. f5+ {is interesting.} gxf5+ 75. Kf3 Kf7 76. Kg3 Kg7 77. Kf3) 74... Kf7 75. Ke2 Ke7 76. Kd2 {Threatens to win with Ke3.} Kd7 77. Kc2 {And now Kd3 would win.} Ke6 {( -> ...Kf5)} 78. Kd3 Ke7 79. Ke4 {Ke5 would kill now.} Ke6 80. f5+ gxf5+ {KP-KP} 81. Kf4 (81. Kd3 {with more complications.} Ke5 82. Ke2 Ke6 83. Kf3 Kf7 84. Kg3) 81... Kf7 82. Kxf5 Kg7 83. g6 Kg8 84. Kf6 {Threatening mate with g7.} Kf8 85. g7+ Kg8 86. Kg6 {Weighted Error Value: White=0.41/Black=0.40} 1/2-1/2

[Event "SRB-chW Semifinal 2021"]
[Site "Paracin"]
[Date "2021.03.17"]
[Round "2.14"]
[White "Vujcic, Milena"]
[Black "Ostojic, Katarina"]
[Result "1-0"]
[WhiteElo "2069"]
[BlackElo "2013"]
[Annotator "NA"]
[PlyCount "69"]
[EventDate "2021.03.16"]
[EventType "swiss"]
[EventCountry "SRB"]
[SourceTitle "playchess.com"]
[Source "ChessBase"]
[SourceQuality "1"]
[TimeControl "40/5400+30:1800+30"]

1. e4 {[%emt 0:00:00]} c5 {[%emt 0:00:00]} 2. Nf3 {[%emt 0:00:00]} d6 {[%emt 0:00:00]} 3. d4 {[%emt 0:00:00]} cxd4 {[%emt 0:00:00]} 4. Nxd4 {[%emt 0:00:00]} Nf6 {[%emt 0:00:00]} 5. Nc3 {[%emt 0:00:00]} a6 {[%emt 0:00:00]} 6. Bg5 {[%emt 0:00:00]} Nbd7 {[%emt 0:00:12]} 7. Qe2 {[%emt 0:00:03]} h6 {[%emt 0:00:51]} 8. Bh4 {[%emt 0:00:06]} g6 {[%emt 0:00:43]} 9. f4 {[%emt 0:00:23]} e5 {[%emt 0:01:31]} 10. fxe5 {[%emt 0:00:11]} dxe5 {[%emt 0:00:26]} 11. O-O-O {[%emt 0:03:05]} Qc7 {[%emt 0:00:39]} 12. Nb3 {[%emt 0:00:07]} Bg7 {[%emt 0:04:08]} 13. Nd5 {[%emt 0:03:05]} Nxd5 {[%emt 0:01:03]} 14. exd5 {[%emt 0:00:05]} O-O {[%emt 0:05:18]} 15. g4 {[%emt 0:04:27]} Qd6 {[%emt 0:11:56]} 16. Bg2 {[%emt 0:09:07]} a5 {[%emt 0:06:00]} 17. a3 {[%emt 0:11:30]} b6 {[%emt 0:14:35]} 18. Bg3 {[%emt 0:04:00]} Ba6 {[%emt 0:02:37]} 19. Qe1 {[%emt 0:02:14]} f5 {[%emt 0:07:50]} 20. gxf5 {[%emt 0:02:17]} gxf5 {[%emt 0:00:47]} 21. Rg1 {[%emt 0:06:20]} Rac8 {[%emt 0:05:26]} 22. Qf2 {[%emt 0:10:42]} f4 {[%emt 0:14:54]} 23. Bh4 {[%emt 0:00:18]} a4 {[%emt 0:05:20]} 24. Nd2 {[%emt 0:05:12]} Rxc2+ {[%emt 0:04:54]} 25. Kxc2 {[%emt 0:00:28]} Rc8+ {[%emt 0:00:04]} 26. Kb1 {[%emt 0:00:10]} Bd3+ {[%emt 0:00:04]} 27. Ka2 {[%emt 0:02:21]} Rc2 {[%emt 0:01:54]} 28. Be4 {[%emt 0:08:09]} Rxd2 {[%emt 0:09:50]} 29. Qxd2 {[%emt 0:00:35]} Bxe4 {[%emt 0:00:12]} 30. Qe2 {[%emt 0:06:08]} Bxd5+ {[%emt 0:00:49]} 31. Ka1 {[%emt 0:02:05]} Nc5 {[%emt 0:01:33]} 32. Qg4 {[%emt 0:03:41]} Nb3+ {[%emt 0:01:08]} 33. Kb1 {[%emt 0:00:40]} Be4+ {[%emt 0:00:45]} 34. Ka2 {[%emt 0:00:09]} Qc7 {[%emt 0:00:55]} 35. Rd7 {[%emt 0:03:16]} 1-0